[Event "SportAccord Blitz w 2014"]
[Site "Beijing CHN"]
[Date "2014.12.14"]
[Round "19.7"]
[White "Dzagnidze, Nana"]
[Black "Kosintseva, Tatiana"]
[Result "1-0"]
[WhiteTitle "GM"]
[BlackTitle "GM"]
[WhiteElo "2570"]
[BlackElo "2483"]
[WhiteFideId "13601903"]
[BlackFideId "4133471"]
[EventDate "2014.12.13"]

1. d4 Nf6 2. c4 e6 3. Nf3 d5 4. Nc3 Bb4 5. Bg5 O-O 6. e3 c5 7. cxd5 exd5 8. Bd3
c4 9. Bc2 Nbd7 10. O-O Qa5 11. Ne5 Bxc3 12. bxc3 Qxc3 13. Nxd7 Nxd7 14. Qb1 Re8
15. Bxh7+ Kh8 16. Bc2 Nf8 17. Ba4 Re6 18. Qf5 Kg8 19. Qxd5 Rg6 20. Rfc1 Qb2 21.
Be7 Be6 22. Qf3 b5 23. Qxa8 bxa4 24. Qxf8+ Kh7 25. Rab1 Qe2 26. Qa8 Bh3 27. g3
Bg4 28. Qg2 Bf3 29. Qf1 Qxa2 30. Qxc4 Qd2 31. Qc2 Qa5 32. Qc5 Qa6 33. Qf5 Bg4
34. Qe4 a3 35. Bxa3 Qxa3 36. Rc5 f5 37. Qc2 Qa6 38. h4 Qe6 39. Rc1 Qe7 40. Rc6
Bf3 41. Rxg6 Kxg6 42. Kh2 Be4 43. Qc5 Qd7 44. Qe5 Qa4 45. Rc7 Qd1 46. Qxg7+ 1-0

[Event "SportAccord Blitz w 2014"]
[Site "Beijing CHN"]
[Date "2014.12.14"]
[Round "19.8"]
[White "Zhao, Xue"]
[Black "Harika, Dronavalli"]
[Result "0-1"]
[WhiteTitle "GM"]
[BlackTitle "GM"]
[WhiteElo "2514"]
[BlackElo "2505"]
[WhiteFideId "8601283"]
[BlackFideId "5015197"]
[EventDate "2014.12.13"]

1. d4 Nf6 2. c4 d6 3. Nf3 g6 4. g3 Bg7 5. Bg2 O-O 6. Nc3 Nbd7 7. O-O e5 8. e4
exd4 9. Nxd4 Nc5 10. Re1 Re8 11. h3 Bd7 12. Bf4 h6 13. Qc2 Nfxe4 14. Nxe4 Bxd4
15. Bxh6 Bf5 16. Qd2 Be5 17. Nxc5 dxc5 18. Rad1 Qxd2 19. Rxd2 Bd4 20. Red1 c6
21. g4 Be6 22. b3 a5 23. Re2 a4 24. Be3 axb3 25. Bxd4 cxd4 26. axb3 Red8 27.
Red2 c5 28. f4 Ra3 29. Rb1 b6 30. Be4 f5 31. gxf5 Bxf5 32. Bxf5 gxf5 33. Kf2 Kf7
34. Kg3 Re8 35. Rd3 Re2 36. Kf3 Rh2 37. Kg3 Re2 38. Kf3 Raa2 39. Kg3 Rg2+ 40.
Kh4 Ra8 0-1

[Event "SportAccord Blitz w 2014"]
[Site "Beijing CHN"]
[Date "2014.12.14"]
[Round "20.1"]
[White "Ju, Wenjun"]
[Black "Muzychuk, Mariya"]
[Result "0-1"]
[WhiteTitle "GM"]
[BlackTitle "IM"]
[WhiteElo "2568"]
[BlackElo "2529"]
[WhiteFideId "8603006"]
[BlackFideId "14114550"]
[EventDate "2014.12.13"]

1. d4 Nf6 2. Nf3 c5 3. g3 cxd4 4. Nxd4 e5 5. Nf3 Nc6 6. Bg2 d5 7. O-O Bc5 8. c4
dxc4 9. Qxd8+ Kxd8 10. Nbd2 Ke7 11. Nxc4 e4 12. Ng5 Bf5 13. Be3 Bxe3 14. Nxe3
Bg6 15. Rfd1 Rhd8 16. h4 Nd4 17. Kf1 Nf5 18. Nc4 Rac8 19. Ne5 Rxd1+ 20. Rxd1 Rc2
21. Nxg6+ hxg6 22. Nxe4 Nxe4 23. Bxe4 Rxb2 24. Rb1 Rxb1+ 25. Bxb1 Kd6 26. h5 Ne7
27. hxg6 Nxg6 28. e3 Ne5 29. Ke2 b5 30. f4 Nc4 31. Bd3 Kc5 32. g4 f6 33. g5 fxg5
34. fxg5 Ne5 35. Be4 a5 36. Kd2 b4 37. Kc2 Ng4 38. Kd2 a4 39. Bf5 Ne5 40. Kc2
Nf7 41. Bd7 a3 42. g6 Ne5 43. Bf5 Nc4 44. e4 Nd6 45. Kb3 Nb5 46. Bg4 Nd4+ 47.
Ka4 Nc6 48. Kb3 Ne5 49. Bf5 Nf3 50. Ka4 Kc4 51. Bg4 Ne5 52. Be6+ Kc3 0-1

[Event "SportAccord Blitz w 2014"]
[Site "Beijing CHN"]
[Date "2014.12.14"]
[Round "20.2"]
[White "Gunina, Valentina"]
[Black "Zhao, Xue"]
[Result "1-0"]
[WhiteTitle "GM"]
[BlackTitle "GM"]
[WhiteElo "2522"]
[BlackElo "2514"]
[WhiteFideId "4167570"]
[BlackFideId "8601283"]
[EventDate "2014.12.13"]

1. d4 Nf6 2. c4 e6 3. Nf3 Bb4+ 4. Bd2 a5 5. e3 O-O 6. Bd3 d6 7. O-O Bxd2 8. Qxd2
Nc6 9. Nc3 e5 10. d5 Ne7 11. Qc2 g6 12. Nd2 Nh5 13. Be2 f5 14. Bxh5 gxh5 15. f4
e4 16. Nb3 c5 17. dxc6 bxc6 18. Rad1 Ng6 19. Nd4 Bd7 20. Qe2 h4 21. Qh5 Qf6 22.
Qg5 Qxg5 23. fxg5 Ne5 24. b3 Kg7 25. Nde2 Nf7 26. Rf4 Rad8 27. Rxh4 Bc8 28. Nd4
Bd7 29. Rf4 Nxg5 30. Rdf1 Kg6 31. h4 Ne6 32. Nxe6 Bxe6 33. Nxe4 d5 34. Ng3 dxc4
35. bxc4 Rd3 36. h5+ Kg7 37. Nxf5+ Bxf5 38. Rxf5 Rxf5 39. Rxf5 Rxe3 40. Rxa5 Rc3
41. Rc5 Ra3 42. Rxc6 Rxa2 43. Kh2 Ra5 44. c5 Ra4 45. Kg3 Rc4 46. Kf3 Kf7 47.
Rc7+ Kf6 48. g4 Kg5 49. c6 Rc3+ 50. Ke4 Kxg4 51. Rg7+ Kh4 52. Kd5 h6 53. Re7
Kxh5 54. Re4 Ra3 55. c7 Ra8 56. Ke6 Kg5 57. Rb4 Rc8 58. Kd7 Rh8 59. Rb8 Rh7+ 60.
Kd6 Rxc7 61. Kxc7 h5 62. Kd6 Kf4 63. Rh8 Kg4 64. Ke5 h4 65. Ke4 Kg3 66. Ke3 h3
67. Rg8+ Kh2 68. Kf2 Kh1 69. Ra8 Kh2 70. Ra3 1-0

[Event "SportAccord Blitz w 2014"]
[Site "Beijing CHN"]
[Date "2014.12.14"]
[Round "20.3"]
[White "Harika, Dronavalli"]
[Black "Dzagnidze, Nana"]
[Result "1-0"]
[WhiteTitle "GM"]
[BlackTitle "GM"]
[WhiteElo "2505"]
[BlackElo "2570"]
[WhiteFideId "5015197"]
[BlackFideId "13601903"]
[EventDate "2014.12.13"]

1. Nf3 Nf6 2. c4 e6 3. g3 d5 4. Bg2 Nbd7 5. O-O Be7 6. b3 O-O 7. Bb2 b6 8. e3
Bb7 9. Nc3 Ne4 10. d4 Nxc3 11. Bxc3 Bf6 12. Rc1 c5 13. cxd5 Bxd5 14. Qe2 cxd4
15. Bxd4 Bxd4 16. Nxd4 Bxg2 17. Kxg2 Nf6 18. Rfd1 Qd5+ 19. Qf3 Rfc8 20. Qxd5
Nxd5 21. Nb5 Kf8 22. e4 Nf6 23. f3 Ke7 24. Kf2 Ne8 25. Ke3 a6 26. Nd4 Rxc1 27.
Rxc1 Kd7 28. Rd1 Kc7 29. f4 Kb7 30. Rc1 Rd8 31. a4 Nf6 32. h3 Nd7 33. b4 e5 34.
Nf5 exf4+ 35. gxf4 Nf8 36. e5 f6 37. Nxg7 fxe5 38. fxe5 Ng6 39. e6 Rg8 40. Nf5
Rf8 41. Nd6+ Kb8 42. Ke4 Rf4+ 1-0

[Event "SportAccord Blitz w 2014"]
[Site "Beijing CHN"]
[Date "2014.12.14"]
[Round "20.4"]
[White "Kosintseva, Tatiana"]
[Black "Muzychuk, Anna"]
[Result "0-1"]
[WhiteTitle "GM"]
[BlackTitle "GM"]
[WhiteElo "2483"]
[BlackElo "2545"]
[WhiteFideId "4133471"]
[BlackFideId "14111330"]
[EventDate "2014.12.13"]

1. e4 d5 2. exd5 Nf6 3. Bb5+ Bd7 4. Be2 Nxd5 5. d4 Bf5 6. a3 e6 7. Nf3 Be7 8.
O-O O-O 9. c4 Nb6 10. Nc3 Bf6 11. Be3 Nc6 12. b4 Qd7 13. Ra2 Rad8 14. Rd2 Bg4
15. Ne4 Bxf3 16. Nxf6+ gxf6 17. gxf3 Kh8 18. Kh1 Rg8 19. Qc2 e5 20. Qe4 Qh3 21.
f4 Nxc4 22. Rc2 Nxe3 23. fxe3 exd4 24. b5 Na5 25. Bd3 dxe3 26. Re1 Rxd3 0-1

[Event "SportAccord Blitz w 2014"]
[Site "Beijing CHN"]
[Date "2014.12.14"]
[Round "20.5"]
[White "Hou, Yifan"]
[Black "Ushenina, Anna"]
[Result "1-0"]
[WhiteTitle "GM"]
[BlackTitle "GM"]
[WhiteElo "2673"]
[BlackElo "2494"]
[WhiteFideId "8602980"]
[BlackFideId "14110911"]
[EventDate "2014.12.13"]

1. e4 c5 2. Nc3 a6 3. g3 b5 4. Bg2 Bb7 5. Nge2 e6 6. d4 cxd4 7. Nxd4 b4 8. Na4
Qa5 9. b3 Nc6 10. O-O Nf6 11. Re1 Nxd4 12. Qxd4 e5 13. Qd3 Be7 14. a3 Qb5 15.
axb4 Qxd3 16. cxd3 Bxb4 17. Rd1 Rc8 18. Bg5 h6 19. Bxf6 gxf6 20. d4 Ke7 21. Nb6
Rc7 22. dxe5 fxe5 23. Nd5+ Bxd5 24. Rxd5 d6 25. Rxa6 Rc1+ 26. Bf1 Bc5 27. Ra2
Rb8 28. Rd3 Rb4 29. Kg2 Rxe4 30. Rf3 d5 31. Ra6 Ree1 32. Bb5 e4 33. Rf5 d4 34.
Rc6 Bd6 35. Bc4 f6 36. Rd5 Be5 37. Rb5 Kd7 38. Ra6 Ra1 39. Rab6 Ra7 40. Rd5+ Ke7
41. f4 exf3+ 42. Kxf3 Re3+ 43. Kg4 Rd7 44. Rxd7+ Kxd7 45. Rb7+ Kc6 46. Rb5 Re1
47. Rd5 Rh1 48. Kh3 h5 49. Kg2 Re1 50. Rd8 Rc1 51. Kf3 Rh1 52. Kg2 Rc1 53. Rh8
Rc2+ 54. Kh3 Kc5 55. Rxh5 Kb4 56. Rh8 Kc3 57. Rd8 Rd2 58. Rd7 d3 59. Ba6 Rd1 60.
Rxd3+ Rxd3 61. Bxd3 Kxd3 62. Kg4 Kc3 63. Kf5 Kxb3 64. h4 Bd6 65. h5 Bf8 66. Kxf6
Kc4 67. g4 Kd5 68. g5 Ke4 69. h6 Bd6 70. g6 Bf4 71. g7 Be5+ 72. Kf7 1-0

[Event "SportAccord Blitz w 2014"]
[Site "Beijing CHN"]
[Date "2014.12.14"]
[Round "20.7"]
[White "Stefanova, Antoaneta"]
[Black "Khotenashvili, Bela"]
[Result "1/2-1/2"]
[WhiteTitle "GM"]
[BlackTitle "GM"]
[WhiteElo "2517"]
[BlackElo "2504"]
[WhiteFideId "2902257"]
[BlackFideId "13602640"]
[EventDate "2014.12.13"]

1. d4 g6 2. e4 Bg7 3. Nc3 c6 4. Nf3 d5 5. exd5 cxd5 6. h3 Nc6 7. Bf4 Nf6 8. Bd3
O-O 9. Qd2 Re8 10. O-O a6 11. a3 Be6 12. Rfe1 Qd7 13. Na4 Nxd4 14. Nxd4 Qxa4 15.
Nxe6 fxe6 16. Rxe6 Qd7 17. Rae1 Rac8 18. Qb4 Ne4 19. Rb6 Nc5 20. Be5 Bxe5 21.
Rxe5 e6 22. g3 Nxd3 23. cxd3 Re7 24. Qd6 Qxd6 25. Rxd6 Kf7 26. Rb6 Rc6 27. Rb4
Kf6 28. Re2 e5 29. g4 Rec7 30. Kg2 b5 31. a4 bxa4 32. Rxa4 Rb7 33. b4 Rbb6 34.
Ra5 Rd6 35. Rea2 Rxb4 36. Rxa6 Rxa6 37. Rxa6+ Kg5 38. Kg3 Rb3 39. h4+ Kh6 40.
Ra7 Rxd3+ 41. Kg2 g5 42. Ra6+ Kg7 43. hxg5 e4 44. Rd6 Kf7 45. Kf1 Kg7 46. Ke2
Kf7 47. Rh6 Kg7 48. Re6 Kf7 49. Rf6+ Kg7 50. Rd6 Kf7 51. Rf6+ Kg7 52. Rd6 Kf7
53. Rf6+ Kg7 1/2-1/2

[Event "SportAccord Blitz w 2014"]
[Site "Beijing CHN"]
[Date "2014.12.14"]
[Round "20.8"]
[White "Koneru, Humpy"]
[Black "Cramling, Pia"]
[Result "1-0"]
[WhiteTitle "GM"]
[BlackTitle "GM"]
[WhiteElo "2581"]
[BlackElo "2518"]
[WhiteFideId "5008123"]
[BlackFideId "1700030"]
[EventDate "2014.12.13"]

1. d4 Nf6 2. c4 e6 3. Nf3 Bb4+ 4. Nbd2 b6 5. e3 Bb7 6. Bd3 O-O 7. O-O d5 8. b3
Nbd7 9. Bb2 Ne4 10. Rc1 Rc8 11. Qe2 Qe7 12. Rfd1 Ba3 13. Bxa3 Qxa3 14. Nb1 Qe7
15. cxd5 exd5 16. Ba6 Bxa6 17. Qxa6 c6 18. Qxa7 Qd6 19. Qa6 Ra8 20. Qe2 f5 21.
g3 g5 22. Nc3 g4 23. Nh4 b5 24. Nxe4 dxe4 25. a4 bxa4 26. Qc4+ Kh8 27. bxa4 Rac8
28. Qc3 Kg8 29. a5 Qe6 30. Qc4 1-0

[Event "SportAccord Blitz w 2014"]
[Site "Beijing CHN"]
[Date "2014.12.15"]
[Round "21.1"]
[White "Kosintseva, Tatiana"]
[Black "Hou, Yifan"]
[Result "1-0"]
[WhiteTitle "GM"]
[BlackTitle "GM"]
[WhiteElo "2483"]
[BlackElo "2673"]
[WhiteFideId "4133471"]
[BlackFideId "8602980"]
[EventDate "2014.12.13"]

1. e4 c5 2. Nf3 g6 3. d4 cxd4 4. Nxd4 Nc6 5. c4 Nf6 6. Nc3 d6 7. Be2 Nxd4 8.
Qxd4 Bg7 9. Bg5 O-O 10. Qd2 a5 11. O-O a4 12. Rac1 Be6 13. f4 Qa5 14. Rfd1 Rfc8
15. Bxf6 Bxf6 16. Nd5 Bxd5 17. exd5 Qb6+ 18. Kh1 Bxb2 19. Rb1 a3 20. f5 Qf2 21.
Rf1 Qh4 22. fxg6 hxg6 23. Rf3 Qh8 24. Rbf1 Rf8 25. Bd3 Be5 26. Rh3 Qg7 27. Qg5
Ra4 28. Qxe7 Rb4 29. Rhf3 Rb2 30. Bb1 Qh6 31. Rh3 Qd2 32. Rg1 Qf4 33. Qh4 Qxh4
34. Rxh4 Re8 35. Rh3 Bd4 36. Rf1 Ree2 37. Rg3 Bc5 38. h4 Bd4 39. h5 Be5 40. Rg4
g5 41. Rxg5+ Kf8 42. h6 Ke7 43. h7 Rb4 44. Rxe5+ Rxe5 45. h8=Q 1-0

[Event "SportAccord Blitz w 2014"]
[Site "Beijing CHN"]
[Date "2014.12.15"]
[Round "21.2"]
[White "Muzychuk, Anna"]
[Black "Harika, Dronavalli"]
[Result "1/2-1/2"]
[WhiteTitle "GM"]
[BlackTitle "GM"]
[WhiteElo "2545"]
[BlackElo "2505"]
[WhiteFideId "14111330"]
[BlackFideId "5015197"]
[EventDate "2014.12.13"]

1. e4 e6 2. d4 d5 3. Nc3 Bb4 4. Bd2 dxe4 5. Qg4 Nf6 6. Qxg7 Rg8 7. Qh6 Nc6 8.
O-O-O Rg6 9. Qh4 Rg4 10. Qh3 Rg6 11. Qh4 Rg4 12. Qh3 Rg6 13. Qh4 1/2-1/2

[Event "SportAccord Blitz w 2014"]
[Site "Beijing CHN"]
[Date "2014.12.15"]
[Round "21.3"]
[White "Dzagnidze, Nana"]
[Black "Gunina, Valentina"]
[Result "1/2-1/2"]
[WhiteTitle "GM"]
[BlackTitle "GM"]
[WhiteElo "2570"]
[BlackElo "2522"]
[WhiteFideId "13601903"]
[BlackFideId "4167570"]
[EventDate "2014.12.13"]

1. c4 e5 2. Nc3 Nc6 3. Nf3 Nf6 4. a3 a5 5. d3 Bc5 6. g3 O-O 7. Bg2 d6 8. O-O h6
9. Rb1 Be6 10. Bd2 Qd7 11. e3 Bf5 12. Qe2 e4 13. dxe4 Nxe4 14. Rbd1 Rae8 15.
Nxe4 Bxe4 16. Bc3 Qf5 17. Rd2 a4 18. Qd1 Qh5 19. Bd4 Bxd4 20. exd4 d5 21. c5 Re6
22. Nh4 Qg5 23. Bxe4 Rxe4 24. Nf3 Qf6 25. Kg2 Rfe8 26. Qxa4 Re2 27. Qd1 R8e3 28.
Qxe2 Rxe2 29. Rxe2 Nxd4 30. Nxd4 Qxd4 31. Rc1 g5 32. c6 Qb6 33. cxb7 Qxb7 34. b4
d4+ 35. Kg1 Qf3 36. Rd2 Qxa3 37. Rc4 d3 38. Kg2 Qa8+ 39. f3 Qa3 40. Rd4 Kg7 41.
R2xd3 Qc1 42. Rd2 h5 43. Re2 Qc6 44. Rde4 g4 45. Rf4 Qd5 46. Rc2 c6 47. Rf2 Kg6
48. Rc2 Qd3 49. Rxc6+ Kg7 50. Rcf6 Qe2+ 51. Kg1 Qd1+ 52. Kf2 Qd2+ 53. Kg1 Qe3+
54. Kf1 Qc1+ 55. Kg2 Qb2+ 56. Kg1 Qc1+ 57. Kg2 Qd2+ 58. Kg1 Qe1+ 1/2-1/2

[Event "SportAccord Blitz w 2014"]
[Site "Beijing CHN"]
[Date "2014.12.15"]
[Round "21.4"]
[White "Zhao, Xue"]
[Black "Ju, Wenjun"]
[Result "1-0"]
[WhiteTitle "GM"]
[BlackTitle "GM"]
[WhiteElo "2514"]
[BlackElo "2568"]
[WhiteFideId "8601283"]
[BlackFideId "8603006"]
[EventDate "2014.12.13"]

1. d4 Nf6 2. c4 g6 3. g3 Bg7 4. Bg2 O-O 5. Nc3 c5 6. d5 e6 7. d6 Nc6 8. Nf3 Rb8
9. O-O b6 10. Re1 Bb7 11. e4 e5 12. Nd5 h6 13. Bd2 Ne8 14. Bc3 Nd4 15. Nxd4 exd4
16. Bd2 Bxd5 17. cxd5 Nxd6 18. Bf4 Qe7 19. e5 Nc4 20. b3 Na5 21. h4 Rbe8 22. Qd2
Kh7 23. Rac1 d6 24. e6 Nb7 25. Qd3 Nd8 26. h5 Kh8 27. exf7 Qxe1+ 28. Rxe1 Rxe1+
29. Kh2 Nxf7 30. Qxg6 Ne5 31. Bxe5 Rxe5 32. Be4 Rxf2+ 33. Kg1 Rxe4 34. Kxf2 Re3
35. Qxd6 Kg8 36. Qb8+ Kh7 37. d6 Be5 38. Qb7+ Kg8 39. d7 Bxg3+ 40. Kg2 Bh4 41.
Qd5+ Kg7 42. d8=Q Bxd8 43. Qxd8 Re5 44. Kf3 Rxh5 45. Qc7+ Kg6 46. Qd6+ Kg7 47.
Qe7+ Kg6 48. Qe8+ Kg5 49. Qe5+ Kg6 50. Qe6+ Kg7 51. Qe7+ Kg6 52. Qxa7 Rf5+ 53.
Ke4 Rf6 54. Qe7 h5 55. Qe8+ Kh6 56. Qh8+ Kg6 57. Ke5 Rf7 58. Qg8+ Rg7 59. Qe6+
Kh7 60. Qf5+ Kh6 61. Qf4+ Kg6 62. Qf6+ Kh7 63. Qxb6 h4 64. Qf6 Rg4 65. Qf5+ Rg6
66. Qh3 Rh6 67. Kd5 Rh5+ 68. Kc4 Kh6 69. a4 Kg5 70. a5 Rh6 71. Kxc5 d3 72. Qxd3
h3 73. Qe3+ Kh5 74. Qxh3+ 1-0

[Event "SportAccord Blitz w 2014"]
[Site "Beijing CHN"]
[Date "2014.12.15"]
[Round "21.5"]
[White "Muzychuk, Mariya"]
[Black "Koneru, Humpy"]
[Result "0-1"]
[WhiteTitle "IM"]
[BlackTitle "GM"]
[WhiteElo "2529"]
[BlackElo "2581"]
[WhiteFideId "14114550"]
[BlackFideId "5008123"]
[EventDate "2014.12.13"]

1. e4 c5 2. Nf3 b6 3. d4 cxd4 4. Nxd4 Bb7 5. Nc3 a6 6. Be2 e6 7. O-O Qc7 8. Be3
Nf6 9. f3 Bd6 10. h3 Nh5 11. Bf2 Bh2+ 12. Kh1 Bg3 13. Qd2 Bf4 14. Qd3 O-O 15.
Rfd1 b5 16. a4 Nc6 17. Nxc6 dxc6 18. Qd7 Qb8 19. Bc5 Ng3+ 20. Kg1 b4 21. Bc4
bxc3 22. Bxf8 Be3+ 23. Kh2 Nf1+ 0-1

[Event "SportAccord Blitz w 2014"]
[Site "Beijing CHN"]
[Date "2014.12.15"]
[Round "21.6"]
[White "Cramling, Pia"]
[Black "Stefanova, Antoaneta"]
[Result "1/2-1/2"]
[WhiteTitle "GM"]
[BlackTitle "GM"]
[WhiteElo "2518"]
[BlackElo "2517"]
[WhiteFideId "1700030"]
[BlackFideId "2902257"]
[EventDate "2014.12.13"]

1. d4 d6 2. Nf3 g6 3. c4 Bg7 4. Nc3 Nc6 5. Bg5 h6 6. Be3 Bg4 7. d5 Bxf3 8. exf3
Ne5 9. Qb3 Qc8 10. Be2 Nf6 11. O-O O-O 12. c5 Nfd7 13. cxd6 Nb6 14. dxe7 Re8 15.
Bc5 Ned7 16. Ba3 Bf6 17. d6 cxd6 18. Nb5 Nc5 19. Qc2 Bxe7 20. Rfd1 d5 21. Rac1
Ne6 22. Qd2 Qd8 23. Bxe7 Qxe7 24. Qxh6 a6 25. Nc3 Ng7 26. Bf1 d4 27. Ne4 Nf5 28.
Qf4 Nd5 29. Qd2 Rad8 30. a3 Nf6 31. Nc5 Nh4 32. Nd3 Nd5 33. Kh1 Qf6 34. f4 Nf5
35. Be2 b6 36. Bf3 Nh4 37. Bxd5 Rxd5 38. Re1 Red8 39. Qc2 a5 40. Qd2 Qg7 41. Rc4
Nf5 42. Rec1 Qh6 43. Qe2 Ng7 44. Qf3 Kh7 45. Rc7 Kg8 46. Rb7 R5d6 47. Rcc7 Rf6
48. g3 Ne6 49. Rd7 Rxd7 50. Rxd7 Qh3 51. Qg2 Qg4 52. f3 Qf5 53. Qe2 Kg7 54. Ne5
Qb1+ 55. Kg2 Qf5 56. Nd3 g5 57. fxg5 Nxg5 58. Rxd4 Qxf3+ 59. Qxf3 Nxf3 60. Rf4
Nd2 61. Rxf6 Kxf6 62. Kf2 Kf5 63. Ke3 Nf1+ 64. Kf2 Nxh2 65. Ke3 Nf1+ 66. Kf2 Nd2
67. Ke3 Nf1+ 68. Kf2 Nd2 69. Ke3 Nf1+ 1/2-1/2

[Event "SportAccord Blitz w 2014"]
[Site "Beijing CHN"]
[Date "2014.12.15"]
[Round "21.7"]
[White "Khotenashvili, Bela"]
[Black "Paehtz, Elisabeth"]
[Result "1/2-1/2"]
[WhiteTitle "GM"]
[BlackTitle "IM"]
[WhiteElo "2504"]
[BlackElo "2485"]
[WhiteFideId "13602640"]
[BlackFideId "4641833"]
[EventDate "2014.12.13"]

1. c4 e6 2. Nf3 b6 3. g3 Bb7 4. Bg2 Nf6 5. O-O c5 6. Nc3 Be7 7. d4 cxd4 8. Qxd4
d6 9. Rd1 a6 10. b3 Nbd7 11. Bb2 O-O 12. Qf4 Qc7 13. Rd2 Rfe8 14. Rad1 Bf8 15.
Ne1 Bxg2 16. Nxg2 Rad8 17. Ne3 Qc6 18. Nc2 Ne5 19. Nd4 Qb7 20. h3 Rc8 21. a4 Rc7
22. Nf3 Ng6 23. Qe3 Rec8 24. Rd3 Nd7 25. Ne4 Nc5 26. Nxd6 Qb8 27. Nxc8 Nxd3 28.
Qxd3 Rxc8 29. h4 Bc5 30. h5 Qxg3+ 31. Kh1 Qh3+ 32. Nh2 Qxh5 33. e3 Be7 34. Rd2
Bf6 35. Bxf6 gxf6 36. Qe4 Rc5 37. Qg4 Qe5 38. Nf3 Qc3 39. Qd4 Rh5+ 40. Kg2 Qxd4
41. exd4 Kf8 42. b4 Ke7 43. c5 bxc5 44. dxc5 Nf4+ 45. Kg3 Nd5 46. Rb2 Nc7 47.
Nd4 Rd5 48. Ne2 a5 49. b5 Rxc5 50. b6 Na6 51. b7 Nb8 52. Nd4 Kd7 53. f3 Kc7 54.
Rh2 Kxb7 55. Rxh7 Rc7 56. Nb5 Rd7 57. Nc3 Kc6 58. Ne4 f5 59. Nf6 Rc7 60. Ne8 Rd7
61. Nf6 Rb7 62. Rh8 Na6 63. Rc8+ Rc7 64. Ra8 Kb7 65. Rd8 Nc5 66. Ne8 Rd7 67.
Nd6+ Kc6 68. Nxf7 Rxd8 69. Nxd8+ Kd5 70. Kf4 Kc4 71. Nc6 Nb7 72. Ke5 Kb3 73.
Kxe6 Kxa4 74. Kxf5 Nc5 75. Ke5 Nd3+ 76. Kd4 Nf4 77. Ke4 Ng2 78. Nxa5 Kxa5 79. f4
Nxf4 1/2-1/2

[Event "SportAccord Blitz w 2014"]
[Site "Beijing CHN"]
[Date "2014.12.15"]
[Round "21.8"]
[White "Kosteniuk, Alexandra"]
[Black "Ushenina, Anna"]
[Result "1-0"]
[WhiteTitle "GM"]
[BlackTitle "GM"]
[WhiteElo "2541"]
[BlackElo "2494"]
[WhiteFideId "4128125"]
[BlackFideId "14110911"]
[EventDate "2014.12.13"]

1. e4 c5 2. Nf3 d6 3. Bb5+ Nd7 4. c3 Nf6 5. Qe2 a6 6. Ba4 b5 7. Bc2 Bb7 8. d4 e5
9. d5 c4 10. b3 Rc8 11. O-O Be7 12. b4 a5 13. a4 axb4 14. cxb4 bxa4 15. Nc3 O-O
16. Rxa4 Ra8 17. Be3 Rxa4 18. Bxa4 Qa8 19. Ra1 Rc8 20. Ra2 Qb8 21. Nb5 Ba6 22.
Na7 Rc7 23. b5 Bc8 24. Nc6 Rxc6 25. dxc6 Nb6 26. Bc2 h6 27. Bxb6 Qxb6 28. Ra8
Qc7 29. Qxc4 Kh7 30. b6 Qxb6 31. Rxc8 Ng4 32. Qe2 Qb2 33. h3 Nf6 34. c7 Qb7 35.
Rb8 Qxc7 36. Rb1 Nd7 37. Bb3 Nc5 38. Bxf7 Qa5 39. Qb5 Qc3 40. Qe8 1-0

[Event "SportAccord Blitz w 2014"]
[Site "Beijing CHN"]
[Date "2014.12.15"]
[Round "22.1"]
[White "Ushenina, Anna"]
[Black "Khotenashvili, Bela"]
[Result "1-0"]
[WhiteTitle "GM"]
[BlackTitle "GM"]
[WhiteElo "2494"]
[BlackElo "2504"]
[WhiteFideId "14110911"]
[BlackFideId "13602640"]
[EventDate "2014.12.13"]

1. d4 g6 2. Nf3 Bg7 3. c3 d6 4. Bg5 Nd7 5. e4 c5 6. d5 Ngf6 7. Nbd2 O-O 8. Bd3
b5 9. O-O c4 10. Bc2 Nc5 11. h3 Bd7 12. Nd4 e5 13. dxe6 fxe6 14. b4 Nb7 15. a4
a6 16. Re1 e5 17. N4f3 Qe7 18. Nf1 h6 19. Bxf6 Qxf6 20. Qd5+ Kh7 21. Qxb7 Bxh3
22. N1h2 Be6 23. axb5 Rab8 24. Qxa6 g5 25. Qa7 g4 26. Nd2 h5 27. Ndf1 h4 28. Qe3
Bh6 29. Qe2 Rg8 30. Ra7+ Kh8 31. Ne3 Qf4 32. Nf5 Bxf5 33. exf5 g3 34. Nf1 gxf2+
35. Qxf2 h3 36. g3 Qg5 37. Kh2 Rbf8 38. b6 Rf6 39. b7 Rb8 40. Ra8 Qg8 41. Qf3 d5
42. Rea1 e4 43. Qh5 Kh7 44. R1a6 Rxa6 45. Rxa6 Qg7 46. Qg6+ Kh8 47. Qxh6+ Kg8
48. Qxg7+ Kxg7 49. Ra7 Kf6 50. Ne3 Ke5 51. Kxh3 d4 52. Nxc4+ Kd5 53. Nb6+ Kc6
54. Nc4 d3 55. Bd1 Kb5 56. Ne3 Kb6 57. Ra5 Rxb7 58. Re5 Rh7+ 59. Kg2 Rc7 60. c4
Ra7 61. Rxe4 Ra2+ 62. Kf3 Rb2 63. b5 Kc5 64. f6 1-0

[Event "SportAccord Blitz w 2014"]
[Site "Beijing CHN"]
[Date "2014.12.15"]
[Round "22.2"]
[White "Paehtz, Elisabeth"]
[Black "Cramling, Pia"]
[Result "1-0"]
[WhiteTitle "IM"]
[BlackTitle "GM"]
[WhiteElo "2485"]
[BlackElo "2518"]
[WhiteFideId "4641833"]
[BlackFideId "1700030"]
[EventDate "2014.12.13"]

1. b3 d5 2. Bb2 c6 3. e3 Nf6 4. f4 g6 5. Nf3 Bg7 6. g3 Bg4 7. Bg2 Nbd7 8. h3
Bxf3 9. Qxf3 e6 10. d3 Qe7 11. Ba3 c5 12. Bb2 O-O 13. Nd2 Ne4 14. Bxg7 Nxd2 15.
Kxd2 Kxg7 16. h4 c4 17. h5 cxd3 18. cxd3 Qb4+ 19. Ke2 Rac8 20. Rhc1 Qa3 21. Qf1
Qb2+ 22. Kf3 e5 23. g4 exf4 24. exf4 Nf6 25. h6+ Kg8 26. Kg3 Rfe8 27. Bf3 b6 28.
Qf2 Qxc1 29. Rxc1 Rxc1 30. Qd4 Rc6 31. g5 Ree6 1-0

[Event "SportAccord Blitz w 2014"]
[Site "Beijing CHN"]
[Date "2014.12.15"]
[Round "22.3"]
[White "Stefanova, Antoaneta"]
[Black "Muzychuk, Mariya"]
[Result "1-0"]
[WhiteTitle "GM"]
[BlackTitle "IM"]
[WhiteElo "2517"]
[BlackElo "2529"]
[WhiteFideId "2902257"]
[BlackFideId "14114550"]
[EventDate "2014.12.13"]

1. d4 Nf6 2. Nf3 c5 3. e3 e6 4. Bd3 d5 5. b3 Nc6 6. O-O Be7 7. Bb2 O-O 8. Nbd2
b6 9. Ne5 Bb7 10. f4 Rc8 11. a3 h6 12. Qf3 Nd7 13. Qh3 Bf6 14. g4 Bxe5 15. dxe5
d4 16. e4 f6 17. exf6 Qxf6 18. g5 hxg5 19. Bc4 Rce8 20. f5 g4 21. Qxg4 Nde5 22.
Qh5 Nxc4 23. Nxc4 Ne5 24. Nd6 Re7 25. Bc1 exf5 26. Nxb7 Rxb7 27. Rxf5 Qg6+ 28.
Qxg6 Nxg6 29. Rxf8+ Kxf8 30. Bg5 Rf7 31. b4 Ne5 32. Kg2 c4 33. Rd1 d3 34. cxd3
Nxd3 35. Be3 Re7 36. Kf3 Kf7 37. h4 Ke6 38. Bd4 Rf7+ 39. Ke3 Nf4 40. Rg1 g6 41.
Rg5 Kd7 42. Kd2 Ne6 43. Rd5+ Kc6 44. Be5 Rd7 45. b5+ 1-0